| 000 | 00594nam a2200181Ia 4500 | ||
|---|---|---|---|
| 003 | IN-BaIIA | ||
| 008 | 211028s9999 xx 000 0 eng d | ||
| 040 | _cIIA Library | ||
| 245 | 0 |
_aEuropean space science horizon 2000 _cedited by Norman Longdon |
|
| 260 |
_aFrance _bEuropean Space Agency _c1984 |
||
| 300 | _av, 137p. | ||
| 650 |
_aSolar System Science _928408 |
||
| 650 |
_aSpace Astronomy _93005 |
||
| 650 |
_aSpace Astronomy-Industrial Benefits _928409 |
||
| 650 |
_aTechnical Report _928410 |
||
| 700 |
_aLongdon,Norman., ed. _928411 |
||
| 942 | _cBK | ||
| 999 |
_c15377 _d15377 |
||